000 04067cam a22006614i 4500
003 PE-LiUPU
005 20250731173325.0
008 150625s2007 bo a rb 000 0 spa d
035 _a(Sirsi) a38655
040 _aPE-LiUPU
_bspa
_cPE-LiUPU
_erda
049 _aPRUA
082 0 4 _a286.732984
_bA59
_221
082 0 4 _a286.732984
_bCh532
_221
100 1 _aChávez, Samuel Antonio,
_eautor.
245 1 0 _aRaíces del adventismo en Bolivia /
_cSamuel Antonio Chávez.
264 1 _aCochabamba :
_bEdiciones Nuevo Tiempo,
_c2007.
300 _a168 páginas :
_bilustraciones ;
_c21 centímetros
336 _atext
_2rdacontent
337 _aunmediated
_2rdamedia
338 _avolume
_2rdacarrier
504 _aBibliografía: páginas 155-166.
505 0 _aLa iglesia adventista del séptimo día sus orígenes en le área urbana La paz-Bolivia -- Llegada de los primeros adventistas a Bolivia -- Fundación de la misión Boliviana de la IASD -- La primera iglesia de la IASD en La Paz-Bolivia -- La iglesia adventista del séptimo día y su establecimiento en el área rural La Paz -Bolivia -- Establecimiento de la primera estación misionera en Bolivía Rosario -- Establecimiento de la segunda estación misionera en Bolivia: Collana.
526 _aSEG42
526 _aSEG41
526 _aSEG40
526 _aSEG39
526 _aP94
526 _aP87
526 _aP86
526 _aP85
526 _aP77
526 _aP76
526 _aP35
610 2 _aIASD
_zBolivia
_xHistoria.
910 _bjv
_cng
_d20080325
910 _adbm
_bncf
_cncf
_d20200128
942 _2ddc
_cBOOK
949 _a286.732984 A59
_wDEWEY
_c1
_i57984
_lCCODEBUL1
_mBUL
_p5.00
_r0
_sY
_tBOOK
_u2015-06-25
_xBIBLIOTECA
_zUNKNOWN
_0COMPRA
_o.STAFF. Colección Teología
949 _a286.732984 A59
_wDEWEY
_c2
_i57985
_lCCODEBUL1
_mBUL
_p5.00
_r0
_sY
_tBOOK
_u2015-06-25
_xBIBLIOTECA
_zUNKNOWN
_0COMPRA
_o.STAFF. Colección Teología
949 _a286.732984 A59
_wDEWEY
_c3
_i57981
_lCCODEBUL1
_mBUL
_p5.00
_r0
_sY
_tBOOK
_u2015-06-25
_xBIBLIOTECA
_zUNKNOWN
_0COMPRA
_o.STAFF. Colección Teología
949 _a286.732984 A59
_wDEWEY
_c4
_i57982
_lCCODEBUL1
_mBUL
_p5.00
_r0
_sY
_tBOOK
_u2015-06-25
_xBIBLIOTECA
_zUNKNOWN
_0COMPRA
_o.STAFF. Colección Teología
949 _a286.732984 A59
_wDEWEY
_c5
_i57983
_lCCODEBUL1
_mBUL
_p5.00
_r0
_sY
_tBOOK
_u2015-06-25
_xBIBLIOTECA
_zUNKNOWN
_0COMPRA
_o.STAFF. Colección Teología
994 _aC0
_bPEPRU
596 _a1 4
999 _a286.732984 A59
_wDEWEY
_c46962
_i57984
_f2021-11-11
_g5
_lCCODEBUL1
_mBUL
_p5.00
_r0
_sY
_tBOOK
_u2015-6-25
_xTEOLOGIA
_zUNKNOWN
_0COMPRA
_o.STAFF. Colección General
_d46962
999 _a286.732984 A59
_wDEWEY
_c2
_i57985
_f2021-11-11
_g5
_lCCODEBUL1
_mBUL
_p5.00
_r0
_sY
_tBOOK
_u2015-6-25
_xTEOLOGIA
_zUNKNOWN
_0COMPRA
_o.STAFF. Colección General
999 _a286.732984 A59
_wDEWEY
_c3
_i57981
_d2017-11-29
_e2017-11-26
_f2021-11-11
_g5
_lCCODEBUL1
_mBUL
_n2
_p5.00
_r0
_sY
_tBOOK
_u2015-6-25
_xTEOLOGIA
_PP35
_0COMPRA
_o.STAFF. Colección Teología
999 _a286.732984 A59
_wDEWEY
_c4
_i57982
_f2021-11-11
_g5
_lCCODEBUL1
_mBUL
_p5.00
_r0
_sY
_tBOOK
_u2015-6-25
_xTEOLOGIA
_zUNKNOWN
_0COMPRA
_o.STAFF. Colección General
999 _a286.732984 A59
_wDEWEY
_c5
_i57983
_f2021-11-11
_g5
_lCCODEBUL1
_mBUL
_p5.00
_r0
_sY
_tBOOK
_u2015-6-25
_xTEOLOGIA
_zUNKNOWN
_0COMPRA
_o.STAFF. Colección General
999 _a286.732984 CH532
_wDEWEY
_c1
_iCW001617
_f2021-12-23
_g1
_lCCODECWL1
_mBWL
_p10.00
_r1
_sY
_tBOOK
_u2020-1-28
_xWHITE
_zUNKNOWN
_0DONACION
_o.STAFF. Colección Elena de White
999 _a286.732984 CH532
_wDEWEY
_c2
_iCW001618
_f2021-12-23
_g1
_lCCODECWL1
_mBWL
_p10.00
_r1
_sY
_tBOOK
_u2020-1-28
_xWHITE
_zUNKNOWN
_0DONACION
_o.STAFF. Colección Elena de White
980 _81
_gALBERTO SANCHEZ Responsable de Automatización